Central Library OPAC University of Rajshahi

Collected papers on psycho-analysis ; (Record no. 29477)

MARC details
000 -LEADER
fixed length control field 00893nam a22002771 4500
001 - CONTROL NUMBER
control field 29477
003 - CONTROL NUMBER IDENTIFIER
rucl marc code BD-RjUL
005 - DATE AND TIME OF LATEST TRANSACTION
control field 20211209051422.0
008 - FIXED-LENGTH DATA ELEMENTS--GENERAL INFORMATION
fixed length control field 140403s1950 enk b 001 0 eng d
035 ## - SYSTEM CONTROL NUMBER
System control number (BD-RjUL)29562
System control number (OCoLC)2976662
040 ## - CATALOGING SOURCE
Original cataloging agency DLC
Transcribing agency DNLM
Modifying agency MiDW
-- Uk
-- DLC
-- BD-RjUL
Language of cataloging eng
041 ## - LANGUAGE CODE
Language code of text/sound track or separate title eng
082 00 - DEWEY DECIMAL CLASSIFICATION NUMBER
Classification number 131.34081
Author mark and year SHC 1950
100 1# - MAIN ENTRY--PERSONAL NAME
Personal name Sharpe, Ella Freeman,
Dates associated with a name 1875-1947.
9 (RLIN) 89857
245 10 - TITLE STATEMENT
Title Collected papers on psycho-analysis ;
Statement of responsibility, etc. Ella Freeman Sharpe ;ed. by Marjorie Brierley.
260 ## - PUBLICATION, DISTRIBUTION, ETC. (IMPRINT)
Place of publication, distribution, etc. London :
Name of publisher, distributor, etc. Hogarth Press,
Date of publication, distribution, etc. 1950.
300 ## - PHYSICAL DESCRIPTION
Pagination viii, 280 p. ;
Size 21 cm.
504 ## - BIBLIOGRAPHY, ETC. NOTE
Bibliography, etc Includes bibliographical references and index.
650 #0 - SUBJECT ADDED ENTRY--TOPICAL TERM
Topical term or geographic name as entry element Psychoanalysis.
9 (RLIN) 89859
700 1# - ADDED ENTRY--PERSONAL NAME
Personal name Brierley, Marjorie.
942 ## - ADDED ENTRY ELEMENTS (KOHA)
Source of classification or shelving scheme Dewey Decimal Classification
Koha item type Books
Holdings
Lost status Source of classification or shelving scheme Damaged status Not for loan Collection code Permanent Location Current Location Shelving location Date acquired Source of acquisition Cost, normal purchase price Total Checkouts Full call number Date last seen Copy number Koha item type
  Dewey Decimal Classification   Added to bundle Non-fiction Central Library, University of Rajshahi Central Library, University of Rajshahi Reading Room 06/03/1956 B.H Black well. 16.00   131.34081 SHC 1950 03/04/2014 C-1 Books